<?xml version="1.0" encoding="UTF-8"?>
<record
    xmlns:xsi="http://www.w3.org/2001/XMLSchema-instance"
    xsi:schemaLocation="http://www.loc.gov/MARC21/slim http://www.loc.gov/standards/marcxml/schema/MARC21slim.xsd"
    xmlns="http://www.loc.gov/MARC21/slim">

  <leader>01420nam0a22002771  4500</leader>
  <controlfield tag="001">rc\962702</controlfield>
  <controlfield tag="005">20260407100155.0</controlfield>
  <datafield tag="035" ind1=" " ind2=" ">
    <subfield code="a">(NLR Aleph) 006132302</subfield>
  </datafield>
  <datafield tag="090" ind1=" " ind2=" ">
    <subfield code="a">5574491</subfield>
    <subfield code="c">5574491</subfield>
  </datafield>
  <datafield tag="100" ind1=" " ind2=" ">
    <subfield code="a">20041129d1982    |||y0rusy50      ca</subfield>
  </datafield>
  <datafield tag="101" ind1="0" ind2=" ">
    <subfield code="a">rus</subfield>
  </datafield>
  <datafield tag="102" ind1=" " ind2=" ">
    <subfield code="a">RU</subfield>
  </datafield>
  <datafield tag="105" ind1=" " ind2=" ">
    <subfield code="a">y   |||||||||</subfield>
  </datafield>
  <datafield tag="200" ind1="1" ind2=" ">
    <subfield code="a">&#x422;&#x435;&#x430;&#x442;&#x440;&#x430;&#x43B;&#x44C;&#x43D;&#x430;&#x44F; &#x43A;&#x440;&#x438;&#x442;&#x438;&#x43A;&#x430; &#x438; &#x441;&#x43E;&#x432;&#x440;&#x435;&#x43C;&#x435;&#x43D;&#x43D;&#x43E;&#x441;&#x442;&#x44C;</subfield>
    <subfield code="e">&#x421;&#x435;&#x43C;&#x438;&#x43D;&#x430;&#x440;&#x438;&#x439; &#x43F;&#x43E; &#x442;&#x435;&#x430;&#x442;&#x440;. &#x43A;&#x440;&#x438;&#x442;&#x438;&#x43A;&#x435;</subfield>
    <subfield code="e">&#x423;&#x447;&#x435;&#x431;. &#x43F;&#x43E;&#x441;&#x43E;&#x431;&#x438;&#x435; &#x434;&#x43B;&#x44F; &#x441;&#x43B;&#x443;&#x448;&#x430;&#x442;&#x435;&#x43B;&#x435;&#x439; &#x444;&#x430;&#x43A;. &#x43F;&#x43E;&#x432;&#x44B;&#x448;&#x435;&#x43D;&#x438;&#x44F; &#x43A;&#x432;&#x430;&#x43B;&#x438;&#x444;&#x438;&#x43A;&#x430;&#x446;&#x438;&#x438;</subfield>
    <subfield code="f">[&#x42E;.&#x41C;. &#x411;&#x430;&#x440;&#x431;&#x43E;&#x439;, &#x412;.&#x412;. &#x418;&#x432;&#x430;&#x43D;&#x43E;&#x432;&#x430;, &#x415;.&#x421;. &#x41A;&#x430;&#x43B;&#x43C;&#x430;&#x43D;&#x43E;&#x432;&#x441;&#x43A;&#x438;&#x439; &#x438; &#x434;&#x440;.</subfield>
    <subfield code="g">&#x41E;&#x442;&#x432;. &#x440;&#x435;&#x434;. &#x412;.&#x412;. &#x418;&#x432;&#x430;&#x43D;&#x43E;&#x432;&#x430;]</subfield>
  </datafield>
  <datafield tag="210" ind1=" " ind2=" ">
    <subfield code="a">&#x41B;.</subfield>
    <subfield code="c">&#x41B;&#x413;&#x418;&#x422;&#x41C;&#x438;&#x41A;</subfield>
    <subfield code="d">1982</subfield>
  </datafield>
  <datafield tag="215" ind1=" " ind2=" ">
    <subfield code="a">75 &#x441;.</subfield>
    <subfield code="d">22</subfield>
  </datafield>
  <datafield tag="300" ind1=" " ind2=" ">
    <subfield code="a">&#x412; &#x43D;&#x430;&#x434;&#x437;&#x430;&#x433;.: &#x41C;-&#x432;&#x43E; &#x43A;&#x443;&#x43B;&#x44C;&#x442;&#x443;&#x440;&#x44B; &#x420;&#x421;&#x424;&#x421;&#x420;, &#x41B;&#x435;&#x43D;&#x438;&#x43D;&#x433;&#x440;. &#x433;&#x43E;&#x441;. &#x438;&#x43D;-&#x442; &#x442;&#x435;&#x430;&#x442;&#x440;&#x430;, &#x43C;&#x443;&#x437;&#x44B;&#x43A;&#x438; &#x438; &#x43A;&#x438;&#x43D;&#x435;&#x43C;&#x430;&#x442;&#x43E;&#x433;&#x440;&#x430;&#x444;&#x438;&#x438;</subfield>
  </datafield>
  <datafield tag="701" ind1=" " ind2="1">
    <subfield code="a">&#x411;&#x430;&#x440;&#x431;&#x43E;&#x439;</subfield>
    <subfield code="b">&#x42E;.&#x41C;.</subfield>
    <subfield code="g">&#x42E;&#x440;&#x438;&#x439; &#x41C;&#x438;&#x445;&#x430;&#x439;&#x43B;&#x43E;&#x432;&#x438;&#x447;</subfield>
  </datafield>
  <datafield tag="702" ind1=" " ind2="1">
    <subfield code="4">340</subfield>
    <subfield code="a">&#x418;&#x432;&#x430;&#x43D;&#x43E;&#x432;&#x430;</subfield>
    <subfield code="b">&#x412;. &#x412;.</subfield>
    <subfield code="c">&#x442;&#x435;&#x430;&#x442;&#x440;&#x43E;&#x432;&#x435;&#x434;</subfield>
    <subfield code="f">1921-1996</subfield>
    <subfield code="g">&#x412;&#x435;&#x440;&#x430; &#x412;&#x438;&#x43A;&#x442;&#x43E;&#x440;&#x43E;&#x432;&#x43D;&#x430;</subfield>
    <subfield code="9">227557</subfield>
    <subfield code="3">RU\NLR\AUTH\770227613</subfield>
  </datafield>
  <datafield tag="712" ind1="0" ind2="2">
    <subfield code="a">&#x41B;&#x435;&#x43D;&#x438;&#x43D;&#x433;&#x440;&#x430;&#x434;&#x441;&#x43A;&#x438;&#x439; &#x438;&#x43D;&#x441;&#x442;&#x438;&#x442;&#x443;&#x442; &#x442;&#x435;&#x430;&#x442;&#x440;&#x430;, &#x43C;&#x443;&#x437;&#x44B;&#x43A;&#x438; &#x438; &#x43A;&#x438;&#x43D;&#x435;&#x43C;&#x430;&#x442;&#x43E;&#x433;&#x440;&#x430;&#x444;&#x438;&#x438; &#x438;&#x43C;. &#x41D;. &#x41A;. &#x427;&#x435;&#x440;&#x43A;&#x430;&#x441;&#x43E;&#x432;&#x430;</subfield>
    <subfield code="3">RU\NLR\AUTH\889926114</subfield>
    <subfield code="9">348017</subfield>
  </datafield>
  <datafield tag="801" ind1=" " ind2="0">
    <subfield code="a">RU</subfield>
    <subfield code="b">NLR</subfield>
    <subfield code="g">psbo</subfield>
  </datafield>
  <datafield tag="801" ind1=" " ind2="1">
    <subfield code="a">RU</subfield>
    <subfield code="b">ELAR</subfield>
    <subfield code="2">rusmarc</subfield>
  </datafield>
  <datafield tag="852" ind1=" " ind2=" ">
    <subfield code="a">NLR</subfield>
    <subfield code="j">83-6/5608</subfield>
  </datafield>
  <datafield tag="942" ind1=" " ind2=" ">
    <subfield code="c">BOOK</subfield>
  </datafield>
  <datafield tag="980" ind1=" " ind2=" ">
    <subfield code="a">NB</subfield>
  </datafield>
  <datafield tag="995" ind1=" " ind2=" ">
    <subfield code="5">2013-10-26</subfield>
    <subfield code="b">NLR01</subfield>
    <subfield code="c">NLR01</subfield>
    <subfield code="e">RF9</subfield>
    <subfield code="f">6132302-10</subfield>
    <subfield code="k">83-6/5608</subfield>
    <subfield code="o">0</subfield>
    <subfield code="r">BOOK</subfield>
    <subfield code="s">8365608_</subfield>
  </datafield>
</record>
